Implementácia paralelizmov v lispe : Kand.diz.práca : V.odb. 26-17-9 : Obh. 08.12.1988 /

Saved in:
Bibliographic Details
Main Author: Ehn, Ľudovít, Ing (Author)
Other Authors: Molnár, Ľudovít, 1940- (Thesis advisor)
Format: Manuscript Book
Published: Bratislava : SVŠT v Bratislave EF, 1988
Subjects:
Tags: Add Tag
No Tags, Be the first to tag this record!

MARC

LEADER 00000ntm a22000003a 4500
001 stu4386
005 20180423135458.9
008 ------s1988----------------------------d
040 |a STU  |b slo 
100 1 |a Ehn, Ľudovít, Ing  |4 aut 
245 1 |a Implementácia paralelizmov v lispe :  |b Kand.diz.práca : V.odb. 26-17-9 : Obh. 08.12.1988 /  |c [aut.] Ehn,Ňudovít, Ing.; Škol. Molnár,Ňudovít 
260 |a Bratislava :  |b SVŠT v Bratislave EF,  |c 1988 
300 |a 99 s :  |b príl 
650 7 |a výpočtová technika  |2 stusub 
650 7 |a jazyk lisp  |2 stusub 
650 7 |a počítače 5. generácie  |2 stusub 
700 1 |a Molnár, Ľudovít,  |d 1940-  |4 ths  |u I200  |U FIIT Fakulta informatiky a informačných technológií  |T FIIT Ústav informatiky a softvérového inžinierstva  |X 2145  |U I200  |Y 179  |7 2145 
996 |b 284ED00257  |c E*KDIZ-569  |l EE01  |s A  |a 24  |w stu4386_0001